[Event "Novokuznetsk SFO-ch U17 Girls"]
[Site "Novokuznetsk"]
[Date "2014.11.09"]
[Round "8"]
[White "Feofilova, Elizaveta"]
[Black "Baranova, Anastasia"]
[Result "1/2-1/2"]
[WhiteElo "1711"]
[BlackElo "600"]
[PlyCount "87"]
[EventDate "2014.11.02"]
[EventType "swiss"]
[EventRounds "9"]
[EventCountry "RUS"]
[SourceTitle "CBM 163 Extra"]
[Source "ChessBase"]
[SourceDate "2014.12.23"]
[SourceVersion "1"]
[SourceVersionDate "2014.12.23"]
[SourceQuality "1"]

1. d4 d5 2. c4 Nc6 3. e3 e5 4. dxe5 d4 5. exd4 Qxd4 6. Qxd4 Nxd4 7. Bd3 Bg4 8. Nc3 0-0-0 9. Bg5 Be7 10. Bxe7 Nxe7 11. h3 Bh5 12. Nge2 Nf3+ 13. gxf3 Rxd3 14. Nf4 Bxf3 15. Nxd3 Bxh1 16. Ke2 Bc6 17. Rg1 g6 18. Nf4 Re8 19. Nd3 Nf5 20. f4 f6 21. Kf2 fxe5 22. Nxe5 Nd4 23. Nxc6 Nxc6 24. Re1 Rxe1 25. Kxe1 Kd7 26. Nd5 Kd6 27. Kd2 Ne7 28. Nf6 h5 29. Ne4+ Ke6 30. Nc5+ Kf5 31. Ke3 b6 32. Ne4 Nc6 33. Ng3+ Kf6 34. Ke4 Ne7 35. h4 Ke6 36. b3 c5 37. a3 a6 38. Ne2 Nf5 39. Nc3 Nxh4 40. Nd5 Nf5 41. Nxb6 h4 42. b4 h3 43. Kf3 Kd6 44. Nd5 1/2-1/2

[Event "Novokuznetsk SFO-ch U17 Girls"]
[Site "Novokuznetsk"]
[Date "2014.11.07"]
[Round "6"]
[White "Baranova, Anastasia"]
[Black "Abasheeva, Ksenia"]
[Result "1/2-1/2"]
[WhiteElo "600"]
[BlackElo "1828"]
[PlyCount "89"]
[EventDate "2014.11.02"]
[EventType "swiss"]
[EventRounds "9"]
[EventCountry "RUS"]
[SourceTitle "CBM 163 Extra"]
[Source "ChessBase"]
[SourceDate "2014.12.23"]
[SourceVersion "1"]
[SourceVersionDate "2014.12.23"]
[SourceQuality "1"]

1. d4 d5 2. c4 e6 3. Nc3 c5 4. Bf4 cxd4 5. Qxd4 Nc6 6. Qd1 Nf6 7. e3 Be7 8. cxd5 Nxd5 9. Nxd5 exd5 10. Ne2 0-0 11. Nc3 d4 12. exd4 Nxd4 13. Bd3 Qb6 14. Qd2 Rd8 15. 0-0 Be6 16. Be3 Qd6 17. Rfd1 Bf5 18. Bxf5 Nxf5 19. Qxd6 Bxd6 20. Nb5 Nxe3 21. Rxd6 Nc4 22. Rxd8+ Rxd8 23. b3 Na5 24. Nxa7 Ra8 25. b4 Rxa7 26. bxa5 Rxa5 27. g3 g6 28. Rb1 b5 29. Rb2 Kg7 30. Kg2 Kf6 31. Kf3 Kf5 32. Rb4 Kg5 33. h4+ Kf5 34. Rf4+ Ke6 35. Re4+ Kf6 36. Rb4 h6 37. Rf4+ Ke6 38. Rb4 Kd5 39. Rf4 Ra3+ 40. Kg4 f5+ 41. Kh3 Rxa2 42. h5 gxh5 43. Rxf5+ Kc4 44. Rxh5 Rxf2 45. Rxh6 1/2-1/2

[Event "Novokuznetsk SFO-ch U17 Girls"]
[Site "Novokuznetsk"]
[Date "2014.11.04"]
[Round "3"]
[White "Baranova, Anastasia"]
[Black "Makarova, Viktoriya"]
[Result "0-1"]
[WhiteElo "600"]
[BlackElo "800"]
[PlyCount "80"]
[EventDate "2014.11.02"]
[EventType "swiss"]
[EventRounds "9"]
[EventCountry "RUS"]
[SourceTitle "CBM 163 Extra"]
[Source "ChessBase"]
[SourceDate "2014.12.23"]
[SourceVersion "1"]
[SourceVersionDate "2014.12.23"]
[SourceQuality "1"]

1. d4 d5 2. c4 c6 3. Nc3 Nf6 4. Bg5 e6 5. e3 Be7 6. Nf3 Nbd7 7. Bd3 0-0 8. 0-0 h6 9. Bf4 Nh5 10. Be5 f6 11. Bg3 Nxg3 12. fxg3 Kh8 13. Nh4 Kg8 14. Qh5 f5 15. cxd5 cxd5 16. Ng6 Re8 17. Nf4 Bg5 18. Nce2 Nf6 19. Qg6 Bd7 20. h4 Rf8 21. Nh5 Bxe3+ 22. Kh2 Ng4+ 23. Kh1 Qe7 24. Bxf5 exf5 25. Nxg7 Qxg7 26. Qd6 Bc6 27. Qe6+ Kh8 28. Rf3 Rae8 29. Qd6 Bxd4 30. Nf4 Rf6 31. Qb4 Bf2 32. Nh5 Qf8 33. Qc3 d4 34. Qd2 Bxf3 35. Nxf6 Bxg2+ 36. Kxg2 Qxf6 37. Rf1 Qc6+ 38. Kh3 Qe4 39. Rxf2 Nxf2+ 40. Qxf2 Qg4+ 0-1